000 00789nas a2200253 4500
001 BR9509404
003 BR-BrBNA
005 20231205095526.0
007 ta
008 230509b bl.|||p| |||| 00| 00por d
040 _aBR-BrBNA
_bpor
_cBiblioteca Nacional de Agricultura
041 _a(Pt)
072 _aF70
100 1 _aTorgan, L.C.
100 1 _aPaula, M. do C.F. de
245 1 _aGeitlerinema amphibium (Ag. ex Gom.)Anagn. (Cyanophyta-Pseudanabaenaceae)em um lago no sul do Brasil
650 _aAlga
650 _aTaxonomia Vegetal
650 _aEcologia Vegetal
650 _aRio Grande do Sul
773 0 _tIheringia. Serie Botanica (Brazil)
_xISSN 0073-4705
_g(Aug 1994), no. 45 p. 75-87
_wBR9509404
909 _a202311
_bLúcia
_c55
_dLúcia Elande
942 _2AGRIS
_n0
_cANA
999 _c151207
_d151207